Investigations on the probable biotic etiology of TPD: Screening for common plant pathogens (Record no. 61655)

MARC details
000 -LEADER
fixed length control field 00713nam a2200217Ia 4500
100 ## - MAIN ENTRY--AUTHOR NAME
Personal name Mathew J
245 #0 - TITLE STATEMENT
Title Investigations on the probable biotic etiology of TPD: Screening for common plant pathogens
260 ## - PUBLICATION, DISTRIBUTION, ETC. (IMPRINT)
Name of publisher In: Tapping Panel Dryness of Rubber Trees (Eds.James Jacob; R Krishnakumar and N.M. Mathew) Rubber Research Institute of India, Kottayam, 2006, pp.175-182.
650 ## - SUBJECT ADDED ENTRY--TOPICAL TERM
Topical Term Biotic etiology
650 ## - SUBJECT ADDED ENTRY--TOPICAL TERM
Topical Term Common pathogens
650 ## - SUBJECT ADDED ENTRY--TOPICAL TERM
Topical Term Pressure injection
650 ## - SUBJECT ADDED ENTRY--TOPICAL TERM
Topical Term TPD
700 ## - ADDED ENTRY--PERSONAL NAME
Personal name Abraham T
700 ## - ADDED ENTRY--PERSONAL NAME
Personal name Jacob C K
700 ## - ADDED ENTRY--PERSONAL NAME
Personal name Phillipose J
700 ## - ADDED ENTRY--PERSONAL NAME
Personal name Prem E E
700 ## - ADDED ENTRY--PERSONAL NAME
Personal name Ramachandran P
700 ## - ADDED ENTRY--PERSONAL NAME
Personal name Varma A
942 ## - ADDED ENTRY ELEMENTS (KOHA)
Koha item type Journals
Holdings
Withdrawn status Lost status Damaged status Not for loan Home library Current library Shelving location Date acquired Koha item type
      Journals RRII Library RRII Library Mycology 18/06/2007 Journals